000 00534nam a2200193Ia 4500
005 20250326125326.0
008 250326s9999 xx 000 0 und d
037 _aTextbook
040 _aFMSL
_beng
_cFMSL
041 _aeng
_2eng
084 _aX8(A):51 M6;4;2
_qFMSL
100 _aHill R M
245 0 _aIndustrial marketing
_cHill R M; Alexander R S And Others
250 _a4
260 _aDelhi
_bDelhi, Richard D Irwin
_c1986
300 _a703p
942 _cTB
_hX8(A):51 M6;4;2
999 _c1277538
_d1277538